000
00278nam a2200121Ia 4500
008
191206s9999 xx 000 0 und d
090
_a
PA6047.H5
245
0
_a
Poets in a landscape
250
_a
[1st ed.]
260
_a
Knopf
260
_c
c1957
300
_a
267 p. illus. 25 cm.
999
_c
16700
_d
16700